<?xml version="1.0" encoding="UTF-8"?>
<marc:record xmlns:marc="http://www.loc.gov/MARC21/slim">
   <marc:leader>00000nam a2200000 a 4500</marc:leader>
   <marc:datafield ind1="1" ind2=" " tag="100">
      <marc:subfield code="a">Heldt, Dora</marc:subfield>
      <marc:subfield code="4">aut</marc:subfield>
      <marc:subfield code="e">Verfasser/-in</marc:subfield>
   </marc:datafield>
   <marc:datafield ind1="0" ind2="0" tag="245">
      <marc:subfield code="a">Wind aus West mit starken Böen</marc:subfield>
   </marc:datafield>
   <marc:datafield ind1="0" ind2="0" tag="245">
      <marc:subfield code="c">Heldt, Dora</marc:subfield>
   </marc:datafield>
   <marc:datafield ind1=" " ind2="1" tag="264">
      <marc:subfield code="c">2014</marc:subfield>
   </marc:datafield>
   <marc:datafield ind1=" " ind2=" " tag="250">
      <marc:subfield code="a">1. Auflage</marc:subfield>
   </marc:datafield>
   <marc:datafield ind1="1" ind2=" " tag="520">
      <marc:subfield code="a">Katharina arbeitet seit Jahren erfolgreich für ein Bremer Recherchebüro. Dem Auftrag eines holländischen Bestsellerautors, der für seinen nächsten Roman Informationen über alteingesessene Sylter Familien braucht, sieht sie jedoch mit gemischten Gefühlen entgegen. Zwar ist sie auf der Insel aufgewachsen, doch sie hat sie seit Jahren aus einem ganz bestimmten Grund gemieden. Kaum angekommen, trifft sie mit voller Wucht auf ihre Vergangenheit. Nicht nur, dass sie sich mit ihrer chaotischen Schwester Inken auseinandersetzen muss, nein, auch Hannes ist auf der Insel, ihre erste große Liebe, der gerade die Wohnung seiner verstorbenen Mutter auflöst. Alte Liebe rostet nicht?</marc:subfield>
   </marc:datafield>
   <marc:datafield ind1=" " ind2=" " tag="020">
      <marc:subfield code="a">9783423260398</marc:subfield>
      <marc:subfield code="9">9783423260398</marc:subfield>
   </marc:datafield>
   <marc:datafield ind1=" " ind2=" " tag="041">
      <marc:subfield code="a">ger</marc:subfield>
   </marc:datafield>
   <marc:datafield ind1=" " ind2=" " tag="300">
      <marc:subfield code="a">491 Seiten</marc:subfield>
   </marc:datafield>
</marc:record>
